000 00902nam a22003017a 4500
001 BR8105552
003 BR-BrBNA
005 20230928091039.0
007 ta
008 230509b bl.||||| |||| 00| 0 por d
040 _aBR-BrBNA
_bpor
_cBiblioteca Nacional de Agricultura
041 _a(Por)
072 _aF00
_b1540
_b3575
_b/G514
090 _ 1540 BR8105552
100 1 _aSantos, A.R. dos
110 1 _aEmpresa de Assistencia Tecnica e Extensao Rural do Ceara, Fortaleza (Brasil)
245 1 _aCampanha para producao de manivas sementes para suprir o deficit existente face a atual seca no Ceara [mandioca, Brasil]
260 3 _aFortaleza, CE (Brasil):
_c1981.
300 _a12 p.
650 _aMANIVA
650 _aMANDIOCA
650 _aSECA
650 _aNUTRICAO HUMANA
650 _aNUTRICAO ANIMAL
650 _aCEARA
909 _a202309
_bLucia
_c55
_dLucia Elande
942 _cBK
999 _c31944
_d31944